The message of the Wesleys: (Record no. 13981)

000 -LEADER
fixed length control field 01038nam a2200253 a 4500
001 - CONTROL NUMBER
control field :::00011805$&:&@@
003 - CONTROL NUMBER IDENTIFIER
control field OkBaRHE
005 - DATE AND TIME OF LATEST TRANSACTION
control field 20100402120653.0
008 - FIXED-LENGTH DATA ELEMENTS--GENERAL INFORMATION
fixed length control field s1984 j 000 0 eng u
020 ## - INTERNATIONAL STANDARD BOOK NUMBER
International Standard Book Number 0310750318 (pbk.)
040 ## - CATALOGING SOURCE
Transcribing agency
100 1# - MAIN ENTRY--PERSONAL NAME
Personal name Watson, Philip Saville, 1909- ,
245 14 - TITLE STATEMENT
Title The message of the Wesleys:
Remainder of title a reader of instruction and devotion.
260 ## - PUBLICATION, DISTRIBUTION, ETC. (IMPRINT)
Place of publication, distribution, etc Grand Rapids, MI., :
Name of publisher, distributor, etc Francis Asbury Press, Zondervan Pub. House
Date of publication, distribution, etc 1984
300 ## - PHYSICAL DESCRIPTION
Extent 224 p. ;
Dimensions 22 cm.
650 ## - SUBJECT ADDED ENTRY--TOPICAL TERM
Topical term or geographic name as entry element Christian Life
General subdivision Methodist Authors
-- Addresses, Essays, Lectures
650 ## - SUBJECT ADDED ENTRY--TOPICAL TERM
Topical term or geographic name as entry element Methodist Church
General subdivision Addresses, Essays, Lectures
650 ## - SUBJECT ADDED ENTRY--TOPICAL TERM
Topical term or geographic name as entry element Theology, Doctrinal
General subdivision Addresses, Essays, Lectures
700 ## - ADDED ENTRY--PERSONAL NAME
Personal name Wesley, Charles, 1707-1788.
700 ## - ADDED ENTRY--PERSONAL NAME
Personal name Wesley, John, 1703-1791.
942 ## - ADDED ENTRY ELEMENTS (KOHA)
Source of classification or shelving scheme
Koha item type Books
Copies
Date last seen Shelving location Withdrawn status Not for loan Full call number Price effective from Lost status Barcode Source of classification or shelving scheme Damaged status Copy number Permanent Location Koha item type Date acquired
2010-04-14General Stacks  BX 8215 .M47 19842010-04-14 11805  1RHEMA Bible Training CollegeBooks2010-04-14
2010-04-14General Stacks  BX 8215 .M47 19842010-04-14 18430  2RHEMA Bible Training CollegeBooks2010-04-14